| 000 | 00509nam a22002177a 4500 | ||
|---|---|---|---|
| 001 | 22114 | ||
| 005 | 20260323164053.0 | ||
| 008 | 260323b |||||||| |||| 00| 0 spa d | ||
| 041 | _aESP | ||
| 082 |
_a711.4 _bA177 |
||
| 100 | _a, | ||
| 110 | _a51-1 Arquitectos | ||
| 245 |
_aLibrito Lima : _bessays towards genero(c)ity 2005-2020 |
||
| 260 |
_a : _b , _c2024 |
||
| 300 |
_a281 páginas : _b ; _c18 cm. |
||
| 440 | _a ; | ||
| 650 | _aADE | ||
| 654 | _aCAU | ||
| 700 | _a; | ||
| 942 |
_cLIB _dJUS _fJUS _2ddc |
||
| 999 |
_c22114 _d22114 |
||